000 00958nam a22003017a 4500
003 CHAP
005 20220329140818.0
008 971013s1985 r 00010 d
010 _a58024
011 _a58996
035 _a63153
040 _cCHAP
090 _aFolleto 9037
100 0 0 _aSmith, Elton M.
_9106998
245 _aLighting Viburnum opulus Nanum cuttings to increase winter survival
260 _aWooster :
_bThe Ohio State University. Ohio Agricultural Research and Development Center,
_c1985
300 _app. 15-16
490 _aResearch circular
_v; 284
501 _aEnc. con otros impresos similares
590 _aBATCH-UPD
_b10
_c20130110
_lUCH01
_h0734
590 _aCONVERSION
_b10
_c20130109
_lUCH01
_h1331
650 1 4 _aViburnum.
_9119051
700 0 _aTreaster, Sharon A.
_9114729
830 0 _aResearch circular
_v; 284
_996063
901 _aBK
942 _cFOLL
949 _aFolleto 9037
_bBC
_cFOLL
_d-135630
_eTS1
_i63153
_si
999 _c58024
_d58024